| 000 | 00868nam a22002537a 4500 | ||
|---|---|---|---|
| 999 |
_c4490 _d4490 |
||
| 003 | AR-CdUCM | ||
| 008 | 190308b ||||| |||| 00| 0 spa d | ||
| 040 |
_aMUNICIPALIDAD PROVINCIAL DEL CUSCO _cBIBLIOTECA MUNICIPAL DEL CUSCO |
||
| 082 |
_22ed. _a780.2 / _bC76 |
||
| 100 |
_aCopland, Aaron _914098 |
||
| 245 | _aCómo escuchar la música / | ||
| 260 |
_aMexico : _bFCE, _c1955. |
||
| 300 |
_a202 páginas ; _c17 cm. |
||
| 440 |
_aBreviarios del fondo de cultura económica _n101 _914099 |
||
| 505 | _aCómo escuchamos -- Los cuatro elementos de la música -- El ritmo -- La melodía -- La armonía -- El timbre... | ||
| 650 |
_aritmo. _914100 |
||
| 650 |
_aMúsica. _91443 |
||
| 650 |
_aMelodía. _914101 |
||
| 650 |
_aArmonía. _914102 |
||
| 650 |
_aTimbre. _914103 |
||
| 700 |
_aBal, Jesus (traductor) _914104 |
||
| 942 |
_2ddc _cLIBROS |
||
| 945 |
_awfj _d2019-03-08 |
||